Euroopan kaupunkeja kuvien mukaan #2 - Statistics

Yleistilastot
  • Tätä visaa on pelattu 1 325 kertaa
  • Keskiarvotulos 7 / 15
Vastaustilastot
Kuvavisa Vastaus % Oikein
Lontoo
96%
Pisa
91%
Venetsia
89%
Ateena
86%
Moskova
70%
Bryssel
60%
Amsterdam
59%
Tukholma
29%
Frankfurt
27%
Wien
27%
Bilbao
22%
Kiova
20%
Oslo
19%
Edinburgh
16%
Zürich
12%
Ehtoja vastaavia visoja ei löytynyt
Tulosjakauma
Jokaisen tuloksen saaneiden osuus
Persentiili vastausten määrän mukaan
Tuloshistoriasi
Et ole pelannut tätä visaa